[Event "DEM U10 2025"]
[Site "Willingen GER"]
[Date "2025.06.08"]
[Round "2"]
[White "Lüttgen, Jona"]
[Black "Bentele, Otto"]
[Result "1-0"]
[Termination "normal"]
[Board "11"]
[WhiteElo "1621"]
[BlackElo "1510"]
[WhiteClock "00:31:16"]
[BlackClock "01:02:21"]
[PlyCount "97"]
[WhiteFideId "533014124"]
[BlackFideId "34653643"]
[EventCountry "GER"]
[EventRounds "9"]
[EventType "swiss"]
[EventDate "2025.06.07"]

1. d4 {[%clk 01:30:59]} {[%emt 03:03:29]} d5 {[%clk 01:30:52]} {[%emt
00:00:08]} 2. c4 {[%clk 01:31:23]} {[%emt 00:00:07]} e6 {[%clk 01:30:06]}
{[%emt 00:01:15]} 3. Nc3 {[%clk 01:31:31]} {[%emt 00:00:22]} Nf6 {[%clk
01:29:50]} {[%emt 00:00:46]} 4. cxd5 {[%clk 01:31:54]} {[%emt 00:00:08]} exd5
{[%clk 01:29:37]} {[%emt 00:00:42]} 5. e3 {[%clk 01:32:13]} {[%emt 00:00:12]}
c6 {[%clk 01:28:58]} {[%emt 00:00:27]} 6. Bd3 {[%clk 01:32:40]} {[%emt
00:00:55]} Bd6 {[%clk 01:28:36]} {[%emt 00:00:52]} 7. Nf3 {[%clk 01:32:17]}
{[%emt 00:00:53]} O-O {[%clk 01:27:59]} {[%emt 00:01:06]} 8. O-O {[%clk
01:32:22]} {[%emt 00:00:25]} Re8 {[%clk 01:28:00]} {[%emt 00:00:29]} 9. Re1
{[%clk 01:31:52]} {[%emt 00:01:00]} Bb4 {[%clk 01:27:59]} {[%emt 00:00:32]} 10.
Qc2 {[%clk 01:30:41]} {[%emt 00:01:41]} Nbd7 {[%clk 01:27:35]} {[%emt
00:00:54]} 11. a3 {[%clk 01:29:45]} {[%emt 00:01:26]} Bd6 {[%clk 01:27:51]}
{[%emt 00:00:13]} 12. e4 {[%clk 01:26:47]} {[%emt 00:03:29]} dxe4 {[%clk
01:25:39]} {[%emt 00:02:42]} 13. Nxe4 {[%clk 01:26:53]} {[%emt 00:00:23]} Nxe4
{[%clk 01:25:46]} {[%emt 00:00:24]} 14. Bxe4 {[%clk 01:27:15]} {[%emt
00:00:08]} Nf6 {[%clk 01:25:57]} {[%emt 00:00:18]} 15. Bg5 {[%clk 01:24:13]}
{[%emt 00:03:28]} h6 {[%clk 01:23:27]} {[%emt 00:03:05]} 16. Bh7+ {[%emt
00:04:14]} Kf8 {[%clk 01:21:35]} {[%emt 00:00:18]} 17. Rxe8+ {[%clk 01:09:29]}
{[%emt 00:13:34]} Qxe8 {[%clk 01:19:09]} {[%emt 00:02:56]} 18. Bxf6 {[%clk
01:06:53]} {[%emt 00:03:06]} gxf6 {[%clk 01:18:27]} {[%emt 00:01:13]} 19. Re1
{[%clk 01:04:00]} {[%emt 00:03:21]} Qd8 {[%clk 01:18:26]} {[%emt 00:00:32]} 20.
Re4 {[%clk 01:00:10]} {[%emt 00:04:21]} Be6 {[%clk 01:12:27]} {[%emt 00:06:28]}
21. Rxe6 {[%clk 00:51:43]} {[%emt 00:08:59]} fxe6 {[%clk 01:09:04]} {[%emt
00:03:52]} 22. Qg6 {[%clk 00:52:04]} {[%emt 00:00:10]} Qc7 {[%clk 01:08:19]}
{[%emt 00:01:16]} 23. Qg8+ {[%clk 00:50:35]} {[%emt 00:01:55]} Ke7 {[%clk
01:08:26]} {[%emt 00:00:24]} 24. Qxa8 {[%clk 00:50:20]} {[%emt 00:00:47]} Qb8
{[%clk 01:08:10]} {[%emt 00:00:46]} 25. Qxb8 {[%clk 00:50:28]} {[%emt
00:00:22]} Bxb8 {[%clk 01:08:39]} {[%emt 00:00:01]} 26. Bd3 {[%clk 00:49:09]}
{[%emt 00:01:49]} Bf4 {[%clk 01:06:20]} {[%emt 00:02:49]} 27. a4 {[%clk
00:44:23]} {[%emt 00:05:16]} Kd6 {[%clk 01:05:04]} {[%emt 00:01:45]} 28. Be4
{[%clk 00:37:35]} {[%emt 00:07:19]} Kd7 {[%clk 01:04:44]} {[%emt 00:00:50]} 29.
Kf1 {[%clk 00:36:32]} {[%emt 00:01:31]} Kd6 {[%clk 01:03:47]} {[%emt 00:01:28]}
30. Ke2 {[%clk 00:33:52]} {[%emt 00:03:09]} Kd7 {[%clk 01:03:22]} {[%emt
00:00:56]} 31. Ne1 {[%clk 00:31:46]} {[%emt 00:02:36]} Bc1 {[%clk 01:01:10]}
{[%emt 00:02:41]} 32. Nd3 {[%clk 00:31:57]} {[%emt 00:00:20]} Bg5 {[%clk
01:01:11]} {[%emt 00:00:28]} 33. f4 {[%clk 00:30:59]} {[%emt 00:01:29]} Bh4
{[%clk 00:59:48]} {[%emt 00:01:51]} 34. g3 {[%clk 00:31:19]} {[%emt 00:00:12]}
f5 {[%clk 01:00:08]} {[%emt 00:00:10]} 35. Ne5+ {[%clk 00:31:11]} {[%emt
00:00:39]} Ke8 {[%clk 00:59:16]} {[%emt 00:01:21]} 36. gxh4 {[%clk 00:31:19]}
{[%emt 00:00:23]} fxe4 {[%clk 00:59:09]} {[%emt 00:00:37]} 37. Ng4 {[%clk
00:31:36]} {[%emt 00:00:12]} Kf7 {[%clk 00:59:11]} {[%emt 00:00:28]} 38. Nxh6+
{[%clk 00:31:47]} {[%emt 00:00:19]} Kg6 {[%clk 00:59:34]} {[%emt 00:00:08]} 39.
Ke3 {[%clk 00:31:37]} {[%emt 00:00:39]} Kxh6 {[%clk 00:59:50]} {[%emt
00:00:14]} 40. Kxe4 {[%clk 00:32:00]} {[%emt 00:00:08]} Kg6 {[%clk 01:00:13]}
{[%emt 00:00:07]} 41. Ke5 {[%clk 00:32:07]} {[%emt 00:00:20]} Kf7 {[%clk
01:00:27]} {[%emt 00:00:19]} 42. h5 {[%clk 00:32:23]} {[%emt 00:00:13]} a5
{[%clk 01:00:38]} {[%emt 00:00:19]} 43. h6 {[%clk 00:31:06]} {[%emt 00:01:47]}
Kg6 {[%clk 01:00:41]} {[%emt 00:00:27]} 44. Kxe6 {[%clk 00:31:07]} {[%emt
00:00:29]} Kxh6 {[%clk 01:00:57]} {[%emt 00:00:14]} 45. f5 {[%clk 00:31:05]}
{[%emt 00:00:31]} c5 {[%clk 01:01:13]} {[%emt 00:00:14]} 46. f6 {[%emt
00:00:49]} cxd4 {[%clk 01:01:29]} {[%emt 00:00:12]} 47. f7 {[%clk 00:31:07]}
{[%emt 00:00:11]} d3 {[%clk 01:01:56]} {[%emt 00:00:03]} 48. f8=Q {[%clk
00:31:22]} {[%emt 00:00:13]} Kh5 {[%clk 01:02:21]} {[%emt 00:00:07]} 49. Kf5
{[%clk 00:31:16]} {[%emt 00:00:33]} 1-0

[Event "DEM U10 2025"]
[Site "Willingen GER"]
[Date "2025.06.08"]
[Round "2"]
[White "Reese, Oscar"]
[Black "Üstüntas, Nadir"]
[Result "1-0"]
[Termination "normal"]
[Board "12"]
[WhiteElo "1666"]
[BlackElo "1179"]
[WhiteClock "01:04:53"]
[BlackClock "01:02:35"]
[PlyCount "73"]
[WhiteFideId "34644474"]
[BlackFideId "533004064"]
[EventCountry "GER"]
[EventRounds "9"]
[EventType "swiss"]
[EventDate "2025.06.07"]

1. e4 {[%clk 01:30:50]} {[%emt 00:00:09]} c5 {[%clk 01:11:30]} {[%emt
00:04:46]} 2. Nf3 {[%clk 01:30:56]} {[%emt 00:00:24]} Nc6 {[%clk 01:11:53]}
{[%emt 00:00:08]} 3. d4 {[%clk 01:30:56]} {[%emt 00:00:29]} cxd4 {[%clk
01:11:51]} {[%emt 00:00:32]} 4. Nxd4 {[%clk 01:31:14]} {[%emt 00:00:12]} e5
{[%clk 01:12:14]} {[%emt 00:00:07]} 5. Nb5 {[%clk 01:31:34]} {[%emt 00:00:09]}
d6 {[%clk 01:12:05]} {[%emt 00:00:40]} 6. N1c3 {[%clk 01:31:54]} {[%emt
00:00:09]} a6 {[%clk 01:12:27]} {[%emt 00:00:09]} 7. Na3 {[%clk 01:32:16]}
{[%emt 00:00:07]} g6 {[%clk 01:12:37]} {[%emt 00:00:19]} 8. Be3 {[%clk
01:32:06]} {[%emt 00:00:40]} Nge7 {[%clk 01:11:55]} {[%emt 00:01:13]} 9. Nd5
{[%clk 01:32:15]} {[%emt 00:00:21]} Nxd5 {[%clk 01:11:52]} {[%emt 00:00:33]}
10. exd5 {[%clk 01:32:38]} {[%emt 00:00:07]} Ne7 {[%clk 01:11:55]} {[%emt
00:00:28]} 11. c3 {[%clk 01:32:54]} {[%emt 00:00:14]} Bg7 {[%clk 01:12:10]}
{[%emt 00:00:14]} 12. Nc2 {[%clk 01:33:15]} {[%emt 00:00:09]} f5 {[%clk
01:12:28]} {[%emt 00:00:12]} 13. f3 {[%clk 01:33:18]} {[%emt 00:00:27]} f4
{[%clk 01:12:11]} {[%emt 00:00:47]} 14. Bf2 {[%clk 01:33:35]} {[%emt 00:00:12]}
Nf5 {[%clk 01:12:31]} {[%emt 00:00:11]} 15. Qd2 {[%clk 01:33:14]} {[%emt
00:00:50]} Bd7 {[%clk 01:12:26]} {[%emt 00:00:36]} 16. Bd3 {[%clk 01:31:56]}
{[%emt 00:01:47]} b5 {[%clk 01:12:11]} {[%emt 00:00:46]} 17. Bxf5 {[%clk
01:31:14]} {[%emt 00:01:13]} Bxf5 {[%clk 01:12:35]} {[%emt 00:00:06]} 18. g4
{[%clk 01:31:35]} {[%emt 00:00:08]} Bd7 {[%clk 01:12:04]} {[%emt 00:01:02]} 19.
h4 {[%clk 01:31:33]} {[%emt 00:00:31]} Kf7 {[%clk 01:11:07]} {[%emt 00:01:27]}
20. g5 {[%clk 01:24:21]} {[%emt 00:07:42]} h5 {[%clk 01:10:35]} {[%emt
00:01:02]} 21. a4 {[%clk 01:20:37]} {[%emt 00:04:14]} Re8 {[%emt 00:02:57]} 22.
a5 {[%clk 01:17:18]} {[%emt 00:03:06]} Bf5 {[%clk 01:08:53]} {[%emt 00:00:28]}
23. Bb6 {[%clk 01:16:29]} {[%emt 00:01:19]} Qe7 {[%clk 01:09:11]} {[%emt
00:00:12]} 24. O-O-O {[%clk 01:15:43]} {[%emt 00:01:16]} Rac8 {[%clk 01:09:30]}
{[%emt 00:00:12]} 25. Nb4 {[%clk 01:15:29]} {[%emt 00:00:43]} Qb7 {[%clk
01:09:02]} {[%emt 00:00:58]} 26. Rhe1 {[%clk 01:14:25]} {[%emt 00:01:34]} e4
{[%clk 01:05:23]} {[%emt 00:04:09]} 27. fxe4 {[%clk 01:13:43]} {[%emt
00:01:12]} Bg4 {[%clk 01:05:28]} {[%emt 00:00:25]} 28. Qxf4+ {[%clk 01:13:52]}
{[%emt 00:00:20]} Kg8 {[%clk 01:04:54]} {[%emt 00:01:04]} 29. Qxd6 {[%clk
01:07:52]} {[%emt 00:06:30]} Bxd1 {[%clk 01:05:00]} {[%emt 00:00:24]} 30. Rxd1
{[%clk 01:06:48]} {[%emt 00:01:34]} Be5 {[%clk 01:05:15]} {[%emt 00:00:15]} 31.
Qxg6+ {[%clk 01:06:59]} {[%emt 00:00:19]} Qg7 {[%clk 01:04:36]} {[%emt
00:01:09]} 32. Qxg7+ {[%clk 01:07:15]} {[%emt 00:00:14]} Kxg7 {[%clk 01:04:46]}
{[%emt 00:00:20]} 33. d6 {[%clk 01:06:47]} {[%emt 00:00:59]} Bxd6 {[%clk
01:03:30]} {[%emt 00:01:46]} 34. Rxd6 {[%clk 01:06:01]} {[%emt 00:01:17]} Rxe4
{[%clk 01:03:51]} {[%emt 00:00:08]} 35. Bd4+ {[%clk 01:05:12]} {[%emt
00:01:18]} Kg8 {[%clk 01:04:02]} {[%emt 00:00:20]} 36. Nd5 {[%clk 01:04:54]}
{[%emt 00:00:48]} Rxd4 {[%clk 01:02:35]} {[%emt 00:01:56]} 37. Nf6+ {[%clk
01:04:53]} {[%emt 00:00:31]} 1-0

[Event "DEM U10 2025"]
[Site "Willingen GER"]
[Date "2025.06.08"]
[Round "2"]
[White "Frerich, Theo"]
[Black "Schmidt, Fabian"]
[Result "0-1"]
[Termination "normal"]
[Board "13"]
[WhiteElo "1167"]
[BlackElo "1407"]
[WhiteClock "01:17:17"]
[BlackClock "01:24:10"]
[PlyCount "96"]
[WhiteFideId "533003505"]
[BlackFideId "533043515"]
[EventCountry "GER"]
[EventRounds "9"]
[EventType "swiss"]
[EventDate "2025.06.07"]

1. e4 {[%clk 01:30:59]} c6 {[%clk 01:31:00]} 2. Nc3 {[%clk 01:31:12]} {[%emt
00:00:17]} d5 {[%clk 01:31:25]} {[%emt 00:00:04]} 3. d3 {[%clk 01:30:24]}
{[%emt 00:01:19]} dxe4 {[%clk 01:31:47]} {[%emt 00:00:08]} 4. dxe4 {[%clk
01:30:26]} {[%emt 00:00:28]} Qxd1+ {[%clk 01:32:02]} {[%emt 00:00:12]} 5. Nxd1
{[%clk 01:30:43]} {[%emt 00:00:16]} Nd7 {[%clk 01:32:24]} {[%emt 00:00:09]} 6.
Nc3 {[%clk 01:31:01]} {[%emt 00:00:11]} e5 {[%clk 01:32:22]} {[%emt 00:00:32]}
7. Nf3 {[%clk 01:30:33]} {[%emt 00:00:58]} Bc5 {[%clk 01:32:42]} {[%emt
00:00:09]} 8. Bc4 {[%clk 01:30:38]} {[%emt 00:00:26]} Ngf6 {[%clk 01:32:54]}
{[%emt 00:00:17]} 9. O-O {[%clk 01:30:47]} {[%emt 00:00:22]} O-O {[%clk
01:33:14]} {[%emt 00:00:11]} 10. Re1 {[%clk 01:30:49]} {[%emt 00:00:27]} Re8
{[%clk 01:32:34]} {[%emt 00:01:10]} 11. Bg5 {[%clk 01:30:07]} {[%emt 00:01:11]}
h6 {[%clk 01:32:27]} {[%emt 00:00:37]} 12. Bh4 {[%clk 01:29:55]} {[%emt
00:00:40]} Nb6 {[%clk 01:32:04]} {[%emt 00:00:56]} 13. Bb3 {[%clk 01:28:54]}
{[%emt 00:01:31]} g5 {[%clk 01:31:53]} {[%emt 00:00:41]} 14. Bg3 {[%clk
01:29:08]} {[%emt 00:00:15]} Nh5 {[%clk 01:31:29]} {[%emt 00:00:54]} 15. Nxe5
{[%clk 01:28:56]} {[%emt 00:00:37]} Nxg3 {[%clk 01:31:32]} {[%emt 00:00:33]}
16. Bxf7+ {[%clk 01:28:44]} {[%emt 00:00:42]} Kf8 {[%clk 01:30:36]} {[%emt
00:01:27]} 17. Bxe8 {[%clk 01:28:59]} {[%emt 00:00:12]} Nh1 {[%clk 01:30:12]}
{[%emt 00:00:56]} 18. Nd3 {[%clk 01:27:20]} {[%emt 00:02:09]} Bxf2+ {[%clk
01:28:07]} {[%emt 00:02:36]} 19. Nxf2 {[%clk 01:27:14]} {[%emt 00:00:35]} Nxf2
{[%clk 01:27:48]} {[%emt 00:00:50]} 20. Bxc6 {[%clk 01:25:35]} {[%emt
00:02:09]} Nh3+ {[%clk 01:27:00]} {[%emt 00:01:17]} 21. gxh3 {[%clk 01:25:14]}
{[%emt 00:00:47]} bxc6 {[%clk 01:27:16]} {[%emt 00:00:18]} 22. Rf1+ {[%clk
01:25:24]} {[%emt 00:00:21]} Kg7 {[%clk 01:27:31]} {[%emt 00:00:15]} 23. Kg2
{[%clk 01:23:50]} {[%emt 00:02:04]} Nc4 {[%emt 00:00:16]} 24. b3 {[%clk
01:23:36]} {[%emt 00:00:36]} Ne3+ {[%clk 01:28:12]} {[%emt 00:00:12]} 25. Kg3
{[%clk 01:22:45]} {[%emt 00:01:20]} Nxf1+ {[%clk 01:28:13]} {[%emt 00:00:29]}
26. Rxf1 {[%clk 01:23:14]} {[%emt 00:00:02]} Ba6 {[%clk 01:28:28]} {[%emt
00:00:15]} 27. Rd1 {[%clk 01:23:21]} {[%emt 00:00:19]} Rf8 {[%clk 01:28:09]}
{[%emt 00:00:52]} 28. Rd7+ {[%clk 01:23:20]} {[%emt 00:00:32]} Kg8 {[%clk
01:28:00]} {[%emt 00:00:40]} 29. Rxa7 {[%clk 01:23:31]} {[%emt 00:00:18]} Bf1
{[%clk 01:28:16]} {[%emt 00:00:14]} 30. Rc7 {[%clk 01:22:18]} {[%emt 00:01:40]}
Rf6 {[%clk 01:27:44]} {[%emt 00:01:05]} 31. Rc8+ {[%emt 00:01:28]} Kg7 {[%clk
01:27:30]} {[%emt 00:00:17]} 32. h4 {[%clk 01:20:08]} {[%emt 00:02:09]} g4
{[%clk 01:23:50]} {[%emt 00:04:09]} 33. Kxg4 {[%clk 01:19:06]} {[%emt
00:01:32]} h5+ {[%clk 01:23:29]} {[%emt 00:00:52]} 34. Kg5 {[%clk 01:18:45]}
{[%emt 00:00:50]} Rg6+ {[%clk 01:23:16]} {[%emt 00:00:43]} 35. Kf5 {[%clk
01:18:43]} {[%emt 00:00:33]} Bh3+ {[%clk 01:23:26]} {[%emt 00:00:20]} 36. Ke5
{[%clk 01:18:07]} {[%emt 00:01:06]} Bxc8 {[%clk 01:23:49]} {[%emt 00:00:07]}
37. a4 {[%clk 01:18:17]} {[%emt 00:00:20]} Rg2 {[%clk 01:23:35]} {[%emt
00:00:43]} 38. Kd6 {[%clk 01:18:04]} {[%emt 00:00:43]} Rxc2 {[%clk 01:23:53]}
{[%emt 00:00:13]} 39. Kc7 {[%clk 01:18:04]} {[%emt 00:00:30]} Rxc3 {[%clk
01:22:07]} {[%emt 00:02:16]} 40. Kxc8 {[%clk 01:18:02]} {[%emt 00:00:31]} Rxb3
{[%clk 01:22:22]} {[%emt 00:00:16]} 41. a5 {[%clk 01:18:23]} {[%emt 00:00:09]}
Ra3 {[%clk 01:22:40]} {[%emt 00:00:12]} 42. e5 {[%clk 01:18:40]} {[%emt
00:00:11]} Rxa5 {[%clk 01:22:40]} {[%emt 00:00:31]} 43. e6 {[%clk 01:18:21]}
{[%emt 00:00:50]} Re5 {[%clk 01:22:34]} {[%emt 00:00:36]} 44. Kd7 {[%clk
01:17:35]} {[%emt 00:01:15]} Kf6 {[%clk 01:22:51]} {[%emt 00:00:13]} 45. Kxc6
{[%clk 01:16:46]} {[%emt 00:01:20]} Rxe6+ {[%clk 01:23:14]} {[%emt 00:00:07]}
46. Kd5 {[%clk 01:16:37]} {[%emt 00:00:40]} Kf5 {[%clk 01:23:27]} {[%emt
00:00:15]} 47. h3 {[%clk 01:16:56]} {[%emt 00:00:12]} Re1 {[%clk 01:23:48]}
{[%emt 00:00:09]} 48. Kd4 {[%clk 01:17:17]} {[%emt 00:00:07]} Re8 {[%clk
01:24:10]} {[%emt 00:00:10]} 0-1

[Event "DEM U10 2025"]
[Site "Willingen GER"]
[Date "2025.06.08"]
[Round "2"]
[White "Sander, Tino"]
[Black "Nabe, Sebastian"]
[Result "1-0"]
[Termination "normal"]
[Board "14"]
[WhiteElo "1800"]
[BlackElo "1467"]
[WhiteClock "00:41:28"]
[BlackClock "00:12:43"]
[PlyCount "77"]
[WhiteFideId "34636110"]
[BlackFideId "533011079"]
[EventCountry "GER"]
[EventRounds "9"]
[EventType "swiss"]
[EventDate "2025.06.07"]

1. e4 {[%clk 01:30:56]} {[%emt 00:00:04]} c6 {[%clk 01:30:45]} {[%emt
00:00:16]} 2. Nf3 {[%clk 01:31:13]} {[%emt 00:00:11]} d5 {[%clk 01:30:25]}
{[%emt 00:00:51]} 3. Nc3 {[%clk 01:29:19]} {[%emt 00:02:24]} dxe4 {[%clk
01:29:30]} {[%emt 00:01:26]} 4. Nxe4 {[%clk 01:29:37]} {[%emt 00:00:11]} Nf6
{[%clk 01:28:47]} {[%emt 00:01:14]} 5. Nxf6+ {[%clk 01:29:07]} {[%emt
00:01:00]} exf6 {[%clk 01:27:34]} {[%emt 00:01:41]} 6. d4 {[%clk 01:27:59]}
{[%emt 00:01:40]} Be6 {[%clk 01:25:42]} {[%emt 00:02:20]} 7. c3 {[%clk
01:26:55]} {[%emt 00:01:35]} Bd6 {[%clk 01:25:39]} {[%emt 00:00:33]} 8. Be3
{[%clk 01:26:25]} {[%emt 00:00:59]} Nd7 {[%clk 01:20:57]} {[%emt 00:05:12]} 9.
Bd3 {[%clk 01:22:58]} {[%emt 00:03:58]} Nb6 {[%clk 01:17:49]} {[%emt 00:03:38]}
10. O-O {[%clk 01:19:22]} {[%emt 00:04:05]} Qc7 {[%clk 01:15:41]} {[%emt
00:02:39]} 11. b3 {[%clk 01:16:11]} {[%emt 00:03:42]} O-O {[%clk 01:10:09]}
{[%emt 00:06:01]} 12. c4 {[%clk 01:15:02]} {[%emt 00:01:38]} c5 {[%clk
01:04:08]} {[%emt 00:06:33]} 13. d5 {[%clk 01:13:46]} {[%emt 00:01:46]} Bg4
{[%clk 00:59:24]} {[%emt 00:05:13]} 14. h3 {[%clk 01:13:10]} {[%emt 00:01:06]}
Bd7 {[%clk 00:56:19]} {[%emt 00:03:29]} 15. Qc2 {[%clk 01:12:45]} {[%emt
00:00:57]} g6 {[%clk 00:53:13]} {[%emt 00:03:40]} 16. Bh6 {[%clk 01:04:22]}
{[%emt 00:08:50]} Rfe8 {[%clk 00:49:22]} {[%emt 00:04:15]} 17. h4 {[%clk
01:01:21]} {[%emt 00:03:35]} Bg4 {[%clk 00:48:54]} {[%emt 00:01:02]} 18. Nd2
{[%clk 00:57:34]} {[%emt 00:04:18]} Bf8 {[%clk 00:47:56]} {[%emt 00:01:20]} 19.
Bxf8 {[%clk 00:57:17]} {[%emt 00:00:54]} Kxf8 {[%clk 00:47:17]} {[%emt
00:01:10]} 20. f3 {[%clk 00:56:48]} {[%emt 00:00:59]} Bd7 {[%clk 00:46:47]}
{[%emt 00:00:58]} 21. Ne4 {[%clk 00:56:04]} {[%emt 00:01:17]} Kg7 {[%clk
00:44:07]} {[%emt 00:03:10]} 22. Qc3 {[%emt 00:03:03]} Qe5 {[%clk 00:41:12]}
{[%emt 00:02:11]} 23. Qxe5 {[%clk 00:54:43]} {[%emt 00:00:31]} fxe5 {[%clk
00:39:36]} {[%emt 00:02:08]} 24. Nxc5 {[%clk 00:55:01]} {[%emt 00:00:11]} Rab8
{[%clk 00:39:39]} {[%emt 00:00:28]} 25. Rae1 {[%clk 00:53:55]} {[%emt
00:01:30]} f6 {[%clk 00:39:09]} {[%emt 00:01:02]} 26. Re2 {[%clk 00:53:22]}
{[%emt 00:01:04]} Rec8 {[%clk 00:37:27]} {[%emt 00:02:12]} 27. Ne4 {[%clk
00:52:40]} {[%emt 00:01:13]} Bf5 {[%clk 00:35:23]} {[%emt 00:02:29]} 28. g4
{[%clk 00:51:34]} {[%emt 00:01:42]} Bxe4 {[%clk 00:35:05]} {[%emt 00:00:48]}
29. fxe4 {[%clk 00:48:24]} {[%emt 00:03:40]} Nd7 {[%clk 00:33:53]} {[%emt
00:01:39]} 30. Rc1 {[%clk 00:46:22]} {[%emt 00:02:35]} Rh8 {[%clk 00:31:34]}
{[%emt 00:02:50]} 31. c5 {[%clk 00:45:34]} {[%emt 00:01:18]} Rbc8 {[%clk
00:30:25]} {[%emt 00:01:38]} 32. b4 {[%clk 00:43:30]} {[%emt 00:02:36]} h5
{[%clk 00:28:46]} {[%emt 00:02:08]} 33. Kg2 {[%clk 00:42:40]} {[%emt 00:01:21]}
hxg4 {[%clk 00:24:51]} {[%emt 00:04:24]} 34. Kg3 {[%clk 00:42:19]} {[%emt
00:00:51]} Rhd8 {[%clk 00:20:57]} {[%emt 00:04:24]} 35. a4 {[%clk 00:41:33]}
{[%emt 00:01:15]} b6 {[%clk 00:17:41]} {[%emt 00:03:44]} 36. c6 {[%clk
00:41:23]} {[%emt 00:00:43]} Kf7 {[%clk 00:13:21]} {[%emt 00:04:47]} 37. Rec2
{[%clk 00:41:18]} {[%emt 00:00:38]} Nf8 {[%clk 00:12:40]} {[%emt 00:01:11]} 38.
c7 {[%clk 00:41:28]} {[%emt 00:00:21]} Rd7 {[%clk 00:12:43]} {[%emt 00:00:26]}
39. Ba6 {[%emt 00:01:14]} 1-0

[Event "DEM U10 2025"]
[Site "Willingen GER"]
[Date "2025.06.08"]
[Round "2"]
[White "Schmidt, Alexander Nadvid"]
[Black "Laß, Matteo"]
[Result "1-0"]
[Termination "normal"]
[Board "15"]
[WhiteElo "1565"]
[BlackElo "1277"]
[WhiteClock "01:14:38"]
[BlackClock "01:06:18"]
[PlyCount "69"]
[WhiteFideId "34661360"]
[BlackFideId "533019940"]
[EventCountry "GER"]
[EventRounds "9"]
[EventType "swiss"]
[EventDate "2025.06.07"]

1. e4 {[%clk 01:30:58]} {[%emt 00:00:02]} c6 {[%clk 01:30:50]} {[%emt
00:00:11]} 2. d4 {[%clk 01:31:11]} {[%emt 00:00:16]} d5 {[%clk 01:31:04]}
{[%emt 00:00:16]} 3. e5 {[%clk 01:31:38]} {[%emt 00:00:04]} Bf5 {[%clk
01:31:07]} {[%emt 00:00:26]} 4. h4 {[%clk 01:31:42]} {[%emt 00:00:26]} h5
{[%clk 01:31:04]} {[%emt 00:00:33]} 5. Bd3 {[%clk 01:31:43]} {[%emt 00:00:29]}
Bxd3 {[%clk 01:30:58]} {[%emt 00:00:36]} 6. Qxd3 {[%clk 01:32:05]} {[%emt
00:00:08]} e6 {[%clk 01:30:45]} {[%emt 00:00:43]} 7. Nf3 {[%clk 01:31:55]}
{[%emt 00:00:41]} Nd7 {[%clk 01:29:36]} {[%emt 00:01:38]} 8. Bg5 {[%clk
01:27:49]} {[%emt 00:04:36]} Qc7 {[%clk 01:28:48]} {[%emt 00:01:17]} 9. Nbd2
{[%clk 01:27:24]} {[%emt 00:00:56]} c5 {[%clk 01:27:49]} {[%emt 00:01:29]} 10.
c3 {[%clk 01:27:15]} {[%emt 00:00:39]} c4 {[%clk 01:27:08]} {[%emt 00:01:11]}
11. Qe3 {[%clk 01:27:22]} {[%emt 00:00:20]} Ne7 {[%clk 01:24:26]} {[%emt
00:03:15]} 12. Bxe7 {[%clk 01:27:25]} {[%emt 00:00:27]} Bxe7 {[%clk 01:24:43]}
{[%emt 00:00:14]} 13. b3 {[%clk 01:27:23]} {[%emt 00:00:31]} Nb6 {[%clk
01:23:45]} {[%emt 00:01:28]} 14. O-O {[%clk 01:25:40]} {[%emt 00:02:14]} Rc8
{[%clk 01:22:41]} {[%emt 00:01:34]} 15. bxc4 {[%clk 01:24:00]} {[%emt
00:02:10]} Nxc4 {[%clk 01:21:53]} {[%emt 00:01:17]} 16. Nxc4 {[%clk 01:24:00]}
{[%emt 00:00:30]} Qxc4 {[%clk 01:21:15]} {[%emt 00:01:08]} 17. Rfc1 {[%clk
01:22:39]} {[%emt 00:01:51]} O-O {[%clk 01:18:54]} {[%emt 00:02:51]} 18. Nd2
{[%clk 01:22:32]} {[%emt 00:00:36]} Qa6 {[%clk 01:18:28]} {[%emt 00:00:56]} 19.
g3 {[%clk 01:22:10]} {[%emt 00:00:52]} Rc6 {[%clk 01:16:35]} {[%emt 00:02:24]}
20. Rc2 {[%clk 01:22:02]} {[%emt 00:00:38]} Rfc8 {[%clk 01:16:06]} {[%emt
00:00:59]} 21. Rac1 {[%clk 01:22:26]} {[%emt 00:00:05]} b5 {[%clk 01:14:33]}
{[%emt 00:02:04]} 22. Qe2 {[%clk 01:21:52]} {[%emt 00:01:03]} Qb7 {[%clk
01:13:55]} {[%emt 00:01:07]} 23. Qxh5 {[%clk 01:22:07]} {[%emt 00:00:17]} Ba3
{[%clk 01:12:33]} {[%emt 00:01:51]} 24. Rb1 {[%clk 01:21:04]} {[%emt 00:01:33]}
Rxc3 {[%clk 01:12:25]} {[%emt 00:00:38]} 25. Rxc3 {[%clk 01:20:36]} {[%emt
00:00:58]} Rxc3 {[%clk 01:12:29]} {[%emt 00:00:26]} 26. Nf3 {[%clk 01:18:56]}
{[%emt 00:02:09]} Be7 {[%clk 01:10:28]} {[%emt 00:02:33]} 27. Ng5 {[%clk
01:18:09]} {[%emt 00:01:16]} Bxg5 {[%clk 01:09:56]} {[%emt 00:01:01]} 28. hxg5
{[%clk 01:17:56]} {[%emt 00:00:44]} g6 {[%clk 01:09:28]} {[%emt 00:00:58]} 29.
Qh4 {[%clk 01:18:06]} {[%emt 00:00:20]} Rc4 {[%clk 01:07:54]} {[%emt 00:02:04]}
30. Kg2 {[%clk 01:18:14]} {[%emt 00:00:22]} Qb6 {[%clk 01:07:28]} {[%emt
00:00:53]} 31. Rh1 {[%clk 01:14:22]} {[%emt 00:04:24]} Kf8 {[%clk 01:05:28]}
{[%emt 00:02:30]} 32. Qh8+ {[%clk 01:13:55]} {[%emt 00:00:56]} Ke7 {[%clk
01:05:52]} {[%emt 00:00:07]} 33. Qf6+ {[%clk 01:14:18]} {[%emt 00:00:07]} Kd7
{[%clk 01:05:59]} {[%emt 00:00:23]} 34. Qxf7+ {[%clk 01:14:38]} {[%emt
00:00:10]} Kc8 {[%clk 01:06:18]} {[%emt 00:00:11]} 35. Rh8+ {[%emt 00:02:15]}
1-0